| 000 | 02024nam0a2200409 4500 | ||
|---|---|---|---|
| 001 | RU\NLR\BIBL_A\010830018 | ||
| 005 | 20260409074915.0 | ||
| 010 | _a978-5-7580-0019-9 | ||
| 035 | _a(NLR Aleph) 010830018 | ||
| 090 |
_a10283668 _c10283668 |
||
| 100 | _a20150907d2008 |||y0rusy50 ca | ||
| 101 | 0 |
_arus _aeng |
|
| 102 | _aRU | ||
| 105 | _aach|z|||000zc | ||
| 200 | 1 |
_aАрмия и флот _dArmy and navy _f[А.И. Гладкий, Н.И. Платонова, А.В. Андреев и др. _gнаучные редакторы: А.Н. Анфертьева и др. _gперевод на английский язык под общей редакцией Г.И. Фонлассера] _zeng |
|
| 210 |
_aСанкт-Петербург _cАлександр ПРИНТ _d2008 |
||
| 215 |
_a293, [11] с. _cил., цв. ил., портр., факс. _d30 |
||
| 225 | 1 |
_aЛики российской истории _dProfiles of Great Russians _zeng |
|
| 300 | _aАвт. указаны на обороте тит. л. | ||
| 300 | _aТекст парал. на рус. и англ. яз. | ||
| 320 | _aБиблиогр. в подстроч. примеч. | ||
| 510 | 1 |
_aArmy and navy _zeng |
|
| 606 | 1 |
_aПолководцы русские _9924103 _3RU\NLR\AUTH\6620448 |
|
| 606 | 1 |
_aПолководцы Советской Армии _9892442 _3RU\NLR\AUTH\66323052 |
|
| 607 |
_aРоссия _xВоенная история _3RU\NLR\AUTH\661367545 _92282711 |
||
| 686 | 1 | _aТ3(2)0-68 | |
| 686 | 1 | _aЦ35(2)-424.1д | |
| 686 | 1 | _aЦ4,8(2)243.1д | |
| 686 | 1 | _aЦ4,6(2)243.1д | |
| 701 | 1 |
_aГладкий _bА.И. |
|
| 701 | 1 |
_8rus _7ca _aПлатонова _bН. И. _cд-р ист. наук _f1956- _gНадежда Игоревна _3RU\NLR\AUTH\77104924 _987849 |
|
| 701 | 1 |
_aАндреев _bА. В. _cпопуляризатор, история _9177899 _3RU\NLR\AUTH\770177950 |
|
| 702 | 1 |
_aАнфертьева _bА.Н. _4340 |
|
| 942 | _cBOOK | ||
| 980 | _aNB | ||